000 00368nam a2200133 4500
005 20260530115307.0
100 1 _aMónica Montañés Marcellán
245 1 0 _aTodo es Diseño • Diseño en Querétaro
264 1 _bMunicipio de Querétaro
_c2021
300 _a80 páginas
336 _atexto
_2rdacontent
337 _asin medio
_2rdamedia
338 _avolumen
_2rdacarrier
999 _c13144
_d13144